Estadísticas para 100 Ciudades (Municipios) más pobladas de México

Haz click aquí para tomar la prueba!

Estadísticas generales

  • Esta prueba ha sido tomada 769 veces
  • La puntuación promedio es 38 de 100

Estadísticas de respuestas

HintRespuesta% Correcto
3Guadalajara
95%
1Ciudad de México
94%
9Monterrey
94%
6Tijuana
85%
4Puebla
84%
23Cancún
82%
5Juárez
77%
21Acapulco
74%
11Chihuahua
74%
7León
72%
13Mérida
72%
32Toluca
71%
38 | 97Veracruz
71%
62Oaxaca
68%
27Morelia
66%
19Culiacán
65%
16Hermosillo
65%
18Mexicali
65%
14San Luis Potosí
65%
24Querétaro
63%
15Aguascalientes
61%
31Durango
60%
69La Paz
59%
17Saltillo
59%
48Cuernavaca
57%
30Tuxtla
57%
49Tepic
56%
26Torreón
56%
2Ecatepec
55%
41Mazatlán
55%
96Zacatecas
55%
93Colima
51%
45Villahermosa
51%
51Ciudad Victoria
50%
72Puerto Vallarta
50%
8Zapopan
49%
61Pachuca
48%
53Tampico
47%
39Xalapa
47%
67Campeche
45%
60Los Mochis
43%
86Juárez
42%
10Nezahualcóyotl
42%
28Reynosa
41%
87Chetumal
37%
76Chilpancingo
37%
55Ensenada
37%
36Matamoros
37%
100San Pedro Garza García
37%
43Nuevo Laredo
33%
47Celaya
32%
42Irapuato
32%
20 | 99Guadalupe
29%
52Ciudad Obregón
28%
12Naucalpan
27%
84San Cristóbal de las Casas
25%
66Coatzacoalcos
24%
79Ciudad del Carmen
23%
95Manzanillo
23%
70Nogales
23%
37San Nicolás de los Garza
22%
29Tlaquepaque
22%
89Playa del Carmen
21%
59Gómez Palacio
20%
68Monclova
19%
77Poza Rica de Hidalgo
19%
73Tapachula
19%
45Apodaca
18%
91Córdoba
18%
82Salamanca
17%
22Tlalnepantla
17%
57Santa Catarina
16%
58Uruapan
16%
40Tonalá
15%
90Zamora
14%
34Cuautitlán Izcalli
13%
83San Luis Río Colorado
13%
98Ciudad Valles
12%
46General Escobedo
12%
92San Juan del Río
12%
64Tehuacán
11%
80Chalco
10%
25Chimalhuacán
10%
85Cuautla
10%
74Ciudad Madero
9%
44Xico
9%
33Ciudad López Mateos
8%
50Ixtapaluca
8%
88Pidras Negras
8%
56San Francisco Coacalco
7%
54Villa Nicolás Romero
6%
94Ciudad Acuña
5%
81Jiutepec
4%
63Soledad de Graciano Sánchez
4%
71Buenavista
3%
78Chicoloapan
3%
65Ojo de agua
3%
75San Pablo de las Salinas
3%

Distribución de puntuación

Porcentaje por número respondido

Porcentaje de gente con cada puntuación

Historial de tus puntuaciones

No has tomado esta prueba